[Event "FRA-chT4 0102"]
[Site "Champagne Ardenne"]
[Date "2002.03.24"]
[Round "7"]
[White "Le Bars, Yves"]
[Black "Michaud, Jean Noel"]
[Result "1-0"]
[WhiteElo "2030"]
[BlackElo "1820"]
[PlyCount "99"]
[EventDate "2002.10.??"]
[EventType "team"]
[EventRounds "7"]
[EventCountry "FRA"]
[SourceTitle "EXT 2005"]
[Source "ChessBase"]
[SourceDate "2004.11.15"]
[SourceVersion "1"]
[SourceVersionDate "2004.11.15"]
[SourceQuality "1"]

1. Nf3 Nf6 2. c4 c5 3. Nc3 Nc6 4. g3 g6 5. Bg2 Bg7 6. 0-0 0-0 7. Rb1 d6 8. a3 a5 9. d3 Rb8 10. Bd2 e6 11. Ng5 h6 12. Nge4 Nxe4 13. Nxe4 f5 14. Nc3 Kh7 15. Nb5 Ne7 16. b4 axb4 17. axb4 b6 18. bxc5 bxc5 19. Bc3 Bxc3 20. Nxc3 Bd7 21. Qc2 Qc7 22. Nb5 Bxb5 23. Rxb5 Rxb5 24. cxb5 Kg7 25. Rb1 Qb6 26. Qb3 d5 27. Qc3+ Kh7 28. Qe5 Nc8 29. h4 Qd6 30. Qa1 Rf7 31. Qa6 Nb6 32. e4 fxe4 33. dxe4 d4 34. e5 Qc7 35. h5 gxh5 36. Bh3 Rf8 37. Qa2 c4 38. Qe2 d3 39. Qe4+ Kh8 40. Bxe6 Qh7 41. Qe3 c3 42. Qc5 Re8 43. Qc6 Rxe6 44. Qxe6 c2 45. Ra1 d2 46. Qf6+ Qg7 47. Qd8+ Kh7 48. Qxd2 Qxe5 49. Qxc2+ Kg8 50. Ra7 1-0

[Event "FRA-chT4 0102"]
[Site "Champagne Ardenne"]
[Date "2002.02.03"]
[Round "5"]
[White "Le Bars, Yves"]
[Black "Delmont, Jean Robert"]
[Result "1/2-1/2"]
[WhiteElo "1820"]
[BlackElo "2019"]
[PlyCount "128"]
[EventDate "2002.10.??"]
[EventType "team"]
[EventRounds "7"]
[EventCountry "FRA"]
[SourceTitle "EXT 2005"]
[Source "ChessBase"]
[SourceDate "2004.11.15"]
[SourceVersion "1"]
[SourceVersionDate "2004.11.15"]
[SourceQuality "1"]

1. Nf3 c5 2. g3 Nc6 3. Bg2 e5 4. d3 d6 5. c4 f5 6. Nc3 Nf6 7. a3 Be7 8. Rb1 0-0 9. 0-0 Qe8 10. b4 Qh5 11. e3 g5 12. Nd5 Bd8 13. Nxf6+ Bxf6 14. Nd2 g4 15. bxc5 dxc5 16. Nb3 Be7 17. d4 cxd4 18. exd4 e4 19. h3 Qg6 20. hxg4 fxg4 21. Be3 Bf5 22. Nd2 b6 23. Rb5 Rad8 24. Rxf5 Qxf5 25. Bxe4 Qd7 26. Bxc6 Qxc6 27. Qxg4+ Qg6 28. Qxg6+ hxg6 29. a4 Bb4 30. Nb3 Rc8 31. Rc1 Rfd8 32. c5 bxc5 33. Nxc5 Bxc5 34. dxc5 Rc6 35. Rb1 Rd7 36. Kg2 Kf7 37. Rb4 Ra6 38. Rc4 Ke6 39. Rg4 Kd5 40. Rd4+ Kc6 41. Rg4 Kb7 42. Rb4+ Kc8 43. Rc4 Rc6 44. Kf3 Rd3 45. Ke4 Ra3 46. Kf4 Kd7 47. Kg5 Ke6 48. Rb4 Kd5 49. Rd4+ Ke5 50. Rc4 Rd3 51. Rb4 a6 52. Rb6 Kd5 53. Rxc6 Kxc6 54. Kxg6 Ra3 55. g4 Rxa4 56. g5 Rc4 57. Kf5 Kd7 58. Ke5 a5 59. Kd5 Rg4 60. c6+ Kc8 61. f4 a4 62. Bc1 Rg3 63. f5 a3 64. Bxa3 Rxg5 1/2-1/2

[Event "FRA-chT4 0102"]
[Site "Champagne Ardenne"]
[Date "2002.01.20"]
[Round "4"]
[White "Le Bars, Yves"]
[Black "Sohier, Renaud"]
[Result "1-0"]
[WhiteElo "1940"]
[BlackElo "1820"]
[PlyCount "99"]
[EventDate "2002.10.??"]
[EventType "team"]
[EventRounds "7"]
[EventCountry "FRA"]
[SourceTitle "EXT 2005"]
[Source "ChessBase"]
[SourceDate "2004.11.15"]
[SourceVersion "1"]
[SourceVersionDate "2004.11.15"]
[SourceQuality "1"]

1. Nf3 d5 2. b3 c5 3. e3 Nc6 4. Bb2 Bg4 5. Bb5 f6 6. Bxc6+ bxc6 7. h3 Bh5 8. g4 Bf7 9. d3 e5 10. Nbd2 Bd6 11. Qe2 Ne7 12. e4 Ng6 13. 0-0-0 a5 14. a4 Nf4 15. Qf1 Rb8 16. Re1 d4 17. Nc4 Bxc4 18. dxc4 d3 19. Nd2 Bf8 20. Re3 dxc2 21. Kxc2 Ne6 22. Nf3 Nd4+ 23. Nxd4 cxd4 24. Rd3 Qb6 25. Qa1 Bc5 26. f4 0-0 27. Rf1 Bb4 28. Bxd4 exd4 29. Qxd4 Qxd4 30. Rxd4 Rfe8 31. g5 fxg5 32. e5 gxf4 33. Re4 Rbd8 34. Re2 Bd6 35. Rxf4 Rxe5 36. Rxe5 Bxe5 37. Rf5 Re8 38. Kd3 g6 39. Rf3 Kg7 40. Kc2 Rd8 41. Re3 Bf4 42. Re7+ Kh6 43. Rf7 Bg5 44. Rc7 Rd2+ 45. Kc3 Rd6 46. c5 Rf6 47. Kc4 Bd2 48. Rd7 Rf4+ 49. Rd4 Rxd4+ 50. Kxd4 1-0

[Event "FRA-chT4 0102"]
[Site "Champagne Ardenne"]
[Date "2001.12.09"]
[Round "3"]
[White "Ait Ammar, Riad"]
[Black "Le Bars, Yves"]
[Result "1-0"]
[WhiteElo "2020"]
[BlackElo "1880"]
[PlyCount "125"]
[EventDate "2002.10.??"]
[EventType "team"]
[EventRounds "7"]
[EventCountry "FRA"]
[SourceTitle "EXT 2005"]
[Source "ChessBase"]
[SourceDate "2004.11.15"]
[SourceVersion "1"]
[SourceVersionDate "2004.11.15"]
[SourceQuality "1"]

1. e4 e6 2. d4 d5 3. Be3 Nf6 4. e5 Nfd7 5. c3 c5 6. Nd2 Nc6 7. Ngf3 Be7 8. Bd3 a6 9. a3 cxd4 10. cxd4 f5 11. h4 b5 12. Nb3 Nb6 13. Bg5 Nc4 14. Bxe7 Qxe7 15. Bxc4 dxc4 16. Nc5 Bb7 17. Ng5 Nxe5 18. 0-0 Nd3 19. Nxd3 cxd3 20. Nxe6 Qxe6 21. Re1 Be4 22. f3 0-0 23. fxe4 fxe4 24. Qxd3 Rae8 25. Qg3 Rf6 26. Kh2 Rg6 27. Qe3 Rg4 28. g3 h6 29. Rf1 Qd6 30. Kg2 Qg6 31. Rf4 Rxf4 32. Qxf4 Rf8 33. Qe5 Qg4 34. Re1 Rc8 35. Qxe4 Qxe4+ 36. Rxe4 Rc2+ 37. Kf3 Rxb2 38. Re3 a5 39. d5 Kf7 40. Ke4 Ke7 41. Kd4+ Kd7 42. Kc5 b4 43. axb4 axb4 44. Rf3 b3 45. Rf7+ Kc8 46. Kb4 Rd2 47. Kxb3 Rd3+ 48. Kc4 Rxg3 49. Kc5 Rg6 50. d6 Rg1 51. h5 Rc1+ 52. Kd5 Rd1+ 53. Ke5 Re1+ 54. Kf5 Rd1 55. Rf8+ Kd7 56. Rf7+ Ke8 57. Re7+ Kd8 58. Ke6 Re1+ 59. Kf7 Rg1 60. Re6 Kd7 61. Rg6 Rh1 62. Rxg7 Rxh5 63. Kg6+ 1-0

[Event "FRA-chT4 0102"]
[Site "Champagne Ardenne"]
[Date "2001.11.18"]
[Round "2"]
[White "Le Bars, Yves"]
[Black "Pierquin, Bernard"]
[Result "1/2-1/2"]
[WhiteElo "1880"]
[BlackElo "2050"]
[PlyCount "79"]
[EventDate "2002.10.??"]
[EventType "team"]
[EventRounds "7"]
[EventCountry "FRA"]
[SourceTitle "EXT 2005"]
[Source "ChessBase"]
[SourceDate "2004.11.15"]
[SourceVersion "1"]
[SourceVersionDate "2004.11.15"]
[SourceQuality "1"]

1. Nf3 f5 2. d4 Nf6 3. g3 g6 4. c4 Bg7 5. Nc3 0-0 6. Bg2 d6 7. 0-0 Nc6 8. d5 Na5 9. Nd2 c5 10. Qc2 a6 11. a4 Rb8 12. Rb1 b6 13. b3 Bd7 14. Bb2 e5 15. dxe6 Bxe6 16. Rbd1 Qc7 17. Nf3 h6 18. Nh4 g5 19. Nxf5 Bxf5 20. Qxf5 Nxb3 21. Nd5 Nxd5 22. Bxd5+ Kh8 23. Bxg7+ Qxg7 24. Qd3 Na5 25. e3 Rfd8 26. Qe2 Rbc8 27. Rb1 Rb8 28. Rfd1 Rdc8 29. Be6 Rd8 30. Bd5 Rdc8 31. Qf3 Rf8 32. Qh5 Rf6 33. Rd2 Qc7 34. h4 gxh4 35. Qxh4 Rbf8 36. Kg2 Nc6 37. Rh1 Nb4 38. Qg5 Qg7 39. Qxg7+ Kxg7 40. Be4 1/2-1/2

[Event "FRA-chT4 0102"]
[Site "Champagne Ardenne"]
[Date "2001.10.14"]
[Round "1"]
[White "Le Bars, Yves"]
[Black "Schlemaire, Daniel"]
[Result "1/2-1/2"]
[WhiteElo "1880"]
[BlackElo "1800"]
[PlyCount "32"]
[EventDate "2002.10.??"]
[EventType "team"]
[EventRounds "7"]
[EventCountry "FRA"]
[SourceTitle "EXT 2005"]
[Source "ChessBase"]
[SourceDate "2004.11.15"]
[SourceVersion "1"]
[SourceVersionDate "2004.11.15"]
[SourceQuality "1"]

1. Nf3 Nc6 2. c4 e5 3. Nc3 Nf6 4. g3 Be7 5. Bg2 d6 6. Rb1 0-0 7. b4 Bf5 8. d3 Qd7 9. h3 e4 10. Nh4 exd3 11. Nxf5 Qxf5 12. Qxd3 Qe6 13. 0-0 Ne5 14. Qc2 Qxc4 15. Be3 d5 16. Qb3 Qxb3 1/2-1/2